| 000 | 00485nam a2200193Ia 4500 | ||
|---|---|---|---|
| 008 | 170918s9999 xx 000 0 und d | ||
| 020 | _a9780545667654 | ||
| 050 | _bM161 2009 | ||
| 100 | _aMacLachlan, Patricia | ||
| 245 | 4 | _aThe true gift / | |
| 245 | _cPatricia MacLachlan ; illustrated by Brian Floca. | ||
| 260 | _aNew York : | ||
| 260 | _bScholastic, | ||
| 260 | _c2009 | ||
| 300 | _a81 pages : | ||
| 300 | _bcolored illustration ; | ||
| 300 | _c20cm. | ||
| 500 | _a480 | ||
| 999 |
_c341473 _d341473 |
||